Statistics for Sine From Above Lyrics - Lady Gaga & Elton John

Click here to take the quiz!

General Stats

  • This quiz has been taken 46 times
  • The average score is 277 of 307

Answer Stats

Answer% Correct
a
100%
above
100%
and
100%
And
100%
from
100%
heard
100%
I
100%
one
100%
Sine
100%
sine
100%
was
100%
When
100%
you
100%
young
100%
for
97%
it
97%
lightning
97%
me
97%
my
97%
My
97%
prayed
97%
find
91%
Heart
91%
heart
91%
mother
91%
No
91%
no
91%
said
91%
the
91%
The
91%
come
88%
not
88%
nothing
88%
saw
88%
stars
88%
there
88%
would
88%
Before
85%
But
85%
immortal
85%
lost
85%
sky
85%
to
85%
up
85%
with
85%
With
85%
cared
82%
eyes
82%
felt
82%
in
82%
myself
82%
without
82%
like
79%
love
79%
prayer
79%
silence
79%
struggle
79%
tears
79%
Yeah
79%
day
76%
face
76%
filled
76%
healed
76%
Healed
76%
Then
76%
by
73%
created
73%
found
73%
looked
73%
nights
73%
sound
73%
stared
73%
two
73%
days
70%
lights
70%
went
70%
While
70%
just
67%
lived
67%
signal
67%
split
67%
under
67%

Score Distribution

Percentile by Number Answered

Percent of People with Each Score

Your Score History

You have not taken this quiz